| 000 -LEADER |
| fixed length control field |
00604nam a2200193 a 4500 |
| 001 - CONTROL NUMBER |
| control field |
:::00006518$&:&@@ |
| 003 - CONTROL NUMBER IDENTIFIER |
| control field |
OkBaRHE |
| 005 - DATE AND TIME OF LATEST TRANSACTION |
| control field |
20110323131233.0 |
| 008 - FIXED-LENGTH DATA ELEMENTS--GENERAL INFORMATION |
| fixed length control field |
s1957 j 000 0 eng u |
| 040 ## - CATALOGING SOURCE |
| Transcribing agency |
|
| 100 1# - MAIN ENTRY--PERSONAL NAME |
| Personal name |
Christian and Missionary Alliance. |
| 245 14 - TITLE STATEMENT |
| Title |
The pastor's handbook. |
| 260 ## - PUBLICATION, DISTRIBUTION, ETC. (IMPRINT) |
| Place of publication, distribution, etc |
Camp Hill, PA., : |
| Name of publisher, distributor, etc |
Christian Publications |
| Date of publication, distribution, etc |
c1957 |
| 300 ## - PHYSICAL DESCRIPTION |
| Extent |
102 p. ; |
| Dimensions |
|
| 650 ## - SUBJECT ADDED ENTRY--TOPICAL TERM |
| Topical term or geographic name as entry element |
Occasional Sermons |
| 650 ## - SUBJECT ADDED ENTRY--TOPICAL TERM |
| Topical term or geographic name as entry element |
Occasional Services |
| 942 ## - ADDED ENTRY ELEMENTS (KOHA) |
| Source of classification or shelving scheme |
|
| Koha item type |
Books |